Fechas Bloques 4-8 EVAU - Estadísticas

Estadísticas generales
  • Esta prueba ha sido intentada 14 veces
  • La puntuación promedio es 46 de 163
Estadísticas de respuestas
Hint Respuesta % Correcto
Tratado de Fontainebleau 1807
78%
Motín de Aranjuez 1808
78%
Abdicaciones de Bayona, Estatuto de Bayona 1808
78%
Constitución de Cádiz 1812
78%
Nacimiento de Isabel II, promulgación de la Pragmática Sanción 1830
78%
Muerte Fernando VII, Manifiesto de Abrantes 1833
78%
Derrota en Trafalgar 1805
67%
Batalla de Trafalgar, pérdida del dominio atlántico 1805
67%
Gobierno de Cea Bermúdez, Reforma provincial de Javier de Burgos 1833
67%
Regencia de María Cristina de Borbón 1833 - 1840
67%
Gobierno de Martínez de la Rosa, Estatuto Real 1834
67%
Revueltas progresistas 1835
67%
Gobierno de Mendizábal, la Desamortización eclesiástica 1836
67%
Gobierno de Calatrava, constitución 1837
67%
Convenio de Vergara 1839
67%
Regencia de Espartero 1840 - 1843
67%
Pronunciamiento de Narváez 1843
67%
Constitución 1845
67%
Bienio Progresista 1854 - 1856
67%
Proyecto de constitución 1856
67%
Cierre de las cortes constituyentes, restablecimiento de la constitución de la Década Moderada 1856
67%
Declaración de independencia de EEUU** 4 julio 1776
67%
Reinado de José Bopnaparte 1808 - 1813
56%
Fundación del Consejo de Regencia, primeras declaraciones de independencia 1810
56%
Vigencia constitución de Cádiz 1812 - 1814
56%
Segundo Reinado de Fernando VII 1814 - 1833
56%
Pronunciamiento de Riego en Cabezas de San Juan 1820
56%
El Trienio Liberal 1820 - 1823
56%
Invasión de los 100mil Hijos de San Luis 1823
56%
La Década Ominosa 1823 - 1833
56%
Primera Guerra Carlista 1833 - 1840
56%
Reinado de Isabel II (completo) 1833 - 1868
56%
Motín de La Granja 1836
56%
Trienio Moderado 1837 - 1840
56%
La Década Moderada 1844 - 1854
56%
Vicalvarada, Manifiesto Manzanares 1854
56%
Desamortización civil de Madoz 1855
56%
Ley de ferrocarriles 1855
56%
Docenio de Alternancia 1856 - 1868
56%
Noche de San Daniel 1865
56%
Pacto de Ostende 1866
56%
Reinado de Amadeo de Saboya 1871 - 1873
56%
Abdicación de Amadeo 1873
56%
La Primera República 1873 - 1874
56%
Reinado de Carlos IV 1788 - 1808
44%
Fundación del Consejo de Regencia de Cádiz, sustituye Junta Central Suprema 1810
44%
Batalla de los Arapiles 1812
44%
Manifiesto de los Persas, Decreto de Valencia 1814
44%
El Sexenio Absolutista 1814 - 1820
44%
Pronunciamiento de Riego, independencia virreinatos realistas 1820
44%
Concordato con la Santa Sede 1851
44%
Gobierno de la Unión liberal de O'Donnell 1856 - 1863
44%
Gobierno de los Moderados de Narváez 1863 - 1868
44%
Pronunciamiento de San Gil 1866
44%
Crisis en Europa 1866
44%
El Gobierno Provisional 1868 - 1870
44%
El Sexenio Revolucionario 1868-1874
44%
Constitución 1869
44%
Creación de la Peseta 1869
44%
Levantamiento carlista, inicio de la tercera guerra 1872
44%
Proyecto de constitución 1873
44%
Reinado de Alfonso XII 1874 - 1885
44%
Muere Alfonso XII de tuberculosis 1885
44%
Regencia de Maria Cristina de Habsburgo 1885 - 1902
44%
Desastre del __ 1898
44%
Inicio guerra de independencia (Motín)** 2 mayo 1808
44%
Tratado de Valençay* Diciembre 1813
44%
Toma de la bastilla** 14 julio 1789
33%
Paz de Basilea 1795
33%
Batalla de San Macial 1813
33%
Congreso de Verona 1822
33%
Batalla de Ayachucho 1824
33%
Derrota de los intransigentes del Maestrazgo 1840
33%
Constitución 1876
33%
Fin de la Tercera Guerra Carlista, supresión de los fueros vasco-navarros 1876
33%
Paz de Zanjón, fin de la Guerra de Cuba 1878
33%
Desamortización eclesiástica de Mendizábal 1836
22%
Segunda Guerra Carlista, Guerra de los Matiners 1846 - 1849
22%
Desamortización civil de Madoz 1855
22%
Unificación monetaria, creación de la Peseta 1869
22%
Pacto del Prado 1885
22%
Cánovas es asesinado por un anarquista 1897
22%
Muerte de Narvaez* Abril 1868
22%
Asesinato de Prim* Diciembre 1870
22%
Manifiesto de Sandhurst, golpe de Martínez Campos en Sagunto* Diciembre 1874
22%
Golpe de Pavía* Enero 1874
22%
La Gloriosa, exilio de Isabel Septiembre 1868
22%
Reorganización de los insurgentes americanos 1817
11%
División Provincial de Javier de Burgos 1833
11%
Concordato con la Santa Sede 1851
11%
Ley general de ferrocarriles 1855
11%
Grito de Yara 1868
11%
Paul Lafrague llega a España 1871
11%
Abolición de los fueros vascos 1876
11%
Paz de Zanjón 1878
11%
Pablo Iglesias funda el PSOE 1879
11%
Ley de Asociaciones 1887
11%
Pablo Iglesias funda la UGT 1888
11%
Las Bases de Manresa 1892
11%
Creación del PNV 1895
11%
Grito de Baire 1895
11%
Insurrección filipina de José Rizal 1896
11%
Victoria de la Lliga, ruptura del turno 1901
11%
Reinado de Alfonso XIII 1902 - 1930
11%
La revolución rusa 1917
11%
Epidemia de gripe española 1918
11%
Desastre de Annual 1921
11%
El directorio militar 1923 - 1925
11%
Desembarco de Alhucemas 1925
11%
Desembarco de Alhucemas 1925
11%
El directorio civil 1925 - 1930
11%
Cierre de la Universidad de Madrid 1929
11%
Pacto de San Sebastián 1930
11%
La Dictablanda de Dámaso Berenguer 1930 - 1931
11%
Grito de Yara, comienzo de la guerra de los 10 años* Octubre 1868
11%
Elecciones municipales** 12 Abril 1931
0%
Golpe de Primo de Rivera** 13 Septiembre 1923
0%
Proclamación de la 2ª República 14 Abril 1931
0%
Expediciones militares desde Nueva España y Perú 1814 - 1817
0%
Primer ferrocarril español, en Cuba 1837
0%
Unificación tributaria, ley Mon-Santillán 1845
0%
Unificación del sistema bancario, creación del Banco de España 1856
0%
Ensanche de Barcelona 1860
0%
Ensanche de Madrid 1861
0%
Fanelli llega a España 1868
0%
Desamortización del Subsuelo 1868
0%
Arancel Figuerola, reduce el arancel a la importación 1869
0%
Congreso obrero de Barcelona, fundación de la FRE-AIT 1870
0%
Fundación de la Institución Libre de Enseñanza de Francisco Giner 1876
0%
Disolución de la FRE-AIT, fundación de la FTRE 1881
0%
Conferencia de Berlín 1885
0%
Disolución de la FTRE 1888
0%
Muerte Cánovas 1897
0%
Muerte Sagasta 1902
0%
Secuestro de la revista ¡Cu-Cut! 1905
0%
Ley de jurisdicciones 1906
0%
Fundación de Solidaritat 1906
0%
Conferencia de Algeciras 1906
0%
Victoria Solidaritat en Cataluña (41 escaños de 44) 1907
0%
Primer gobierno de Maura, ensayo regeneracionista 1907 - 1910
0%
Semana trágica de Barcelona 1909
0%
Disolución de Solidaritat 1909
0%
Asalto del Barranco del Lobo 1909
0%
Pablo Iglesias es elegido diputado, primer socialista en el cargo 1910
0%
Gobierno liberal de Canalejas y Romanones, segundo programa regeneracionista 1910 - 1914
0%
Creación de la CNT 1911
0%
Desembarco de Larache 1911
0%
Colonización y Guerra de Marruecos 1911 - 1927
0%
Asesinato de Canalejas 1912
0%
Tratado de Fez 1912
0%
Ley de Mancomunidades 1913
0%
Creación de la Mancomunitat de Catalunya 1914
0%
Crisis de __ 1917
0%
Trienio Bolchevique 1918 - 1921
0%
Huelga de la Canadiense 1919
0%
Huelga de la Canadiense 1919
0%
Exposiciones internacionales de Barcelona y Sevilla 1929
0%
Fundación de la Asociación al Servicio de la República 1931
0%
Alfonso XIII abdica en Juan 1941
0%
Tratado de París Diciembre 1898
0%
Sublevación de Fermín Galán y García Hernández en Jaca* Diciembre 1930
0%
Voladura del Maine* Febrero 1898
0%
Publicación de "El Error Berenguer" de Ortega y Gasset* Noviembre 1930
0%
No se encontraron pruebas coincidentes
Distribución de puntuación
Porcentaje de gente con cada puntuación
Porcentaje por número respondido
Historial de tus puntuaciones
No has intentado esta prueba.